| 000 -LEADER |
| fixed length control field |
00600nam a22002057a 4500 |
| 001 - CONTROL NUMBER |
| control field |
22429 |
| 003 - CONTROL NUMBER IDENTIFIER |
| control field |
BD-DhUAP |
| 005 - DATE AND TIME OF LATEST TRANSACTION |
| control field |
20240815160309.0 |
| 008 - FIXED-LENGTH DATA ELEMENTS--GENERAL INFORMATION |
| fixed length control field |
240815b2023 bg a|||| |||| 00| 0 eng d |
| 020 ## - INTERNATIONAL STANDARD BOOK NUMBER |
| International Standard Book Number |
9789843543080 |
| 040 ## - CATALOGING SOURCE |
| Original cataloging agency |
BD-DhUET |
| Language of cataloging |
eng |
| Transcribing agency |
BD-DhUAP |
| Modifying agency |
BD-DhUAP |
| 082 ## - DEWEY DECIMAL CLASSIFICATION NUMBER |
| Edition number |
23 |
| Classification number |
720.92402 NAW |
| 100 ## - MAIN ENTRY--PERSONAL NAME |
| Personal name |
Nawaz, Tanwir. |
| 245 ## - TITLE STATEMENT |
| Title |
Architect Tanwir Nawaz Selected Works / |
| Statement of responsibility, etc. |
Nawaz, Tanwir. |
| 260 ## - PUBLICATION, DISTRIBUTION, ETC. |
| Place of publication, distribution, etc. |
Dhaka: |
| Name of publisher, distributor, etc. |
University Press Limited, |
| Date of publication, distribution, etc. |
2023. |
| 300 ## - PHYSICAL DESCRIPTION |
| Extent |
242 p. |
| Other physical details |
ill. |
| Accompanying material |
28 cm. |
| 504 ## - BIBLIOGRAPHY, ETC. NOTE |
| Bibliography, etc. note |
Include Bibliographical Reference |
| 650 ## - SUBJECT ADDED ENTRY--TOPICAL TERM |
| Topical term or geographic name entry element |
Architecture |
| Geographic subdivision |
Bangladesh |
| 942 ## - ADDED ENTRY ELEMENTS (KOHA) |
| Source of classification or shelving scheme |
|
| Koha item type |
Book |